ბათუმის შოთა რუსთაველის სახელმწიფო უნივერსიტეტის ბიბლიოთეკა

Understanding Health Policy: A Clinical Approach (ბიბ.ჩანაწერი № 45135)

000 -LEADER
fixed length control field 00590nam a2200229Ia 4500
001 - CONTROL NUMBER
control field 11958
003 - CONTROL NUMBER IDENTIFIER
control field GE_BSU
008 - FIXED-LENGTH DATA ELEMENTS--GENERAL INFORMATION
fixed length control field 181216s||||||||xx |||||||||||||| ||und||
020 ## - INTERNATIONAL STANDARD BOOK NUMBER
International Standard Book Number 9780071496063
040 ## - CATALOGING SOURCE
Transcribing agency GE_BSU
080 ## - UNIVERSAL DECIMAL CLASSIFICATION NUMBER
Universal Decimal Classification number 61
100 ## - MAIN ENTRY--PERSONAL NAME
Personal name Bodenheimer, Thomas S.Grumbach, Kevin
245 ## - TITLE STATEMENT
Title Understanding Health Policy: A Clinical Approach
250 ## - EDITION STATEMENT
Edition statement 5th edition
260 ## - PUBLICATION, DISTRIBUTION, ETC.
Place of publication, distribution, etc. United States,New York
260 ## - PUBLICATION, DISTRIBUTION, ETC.
Date of publication, distribution, etc. 2009
300 ## - PHYSICAL DESCRIPTION
Extent 222p.23cm.
653 ## - INDEX TERM--UNCONTROLLED
Uncontrolled term Public Health & Preventive Medicine
653 ## - INDEX TERM--UNCONTROLLED
Uncontrolled term Understanding Health Policy:
942 ## - ADDED ENTRY ELEMENTS (KOHA)
Koha item type წიგნი
ეგზემპლარები
Withdrawn status Lost status Damaged status Not for loan Date acquired Barcode Date last seen Price effective from Koha item type
        2018-12-17 35941 2018-12-17 2018-12-17 წიგნი